|
|
|
|
| LEADER |
00829naa a2200205 i 4500 |
| 001 |
acta86319 |
| 005 |
20250205093109.0 |
| 008 |
250205s1996 hu o 000 rus d |
| 020 |
|
|
|a 963 482 099 9
|
| 040 |
|
|
|a SZTE Egyetemi Kiadványok Repozitórium
|b hun
|
| 041 |
|
|
|a rus
|
| 100 |
1 |
|
|a Imajkina Marija
|
| 245 |
1 |
0 |
|a Morfonologičeskaâ zavisimost' smyslorazličitel'noj funkcii zvonkosti-gluhosti soglasnyh fonem v erzânskom âzyke
|h [elektronikus dokumentum] /
|c Imajkina Marija
|
| 260 |
|
|
|a JATE Finnugor Tanszék
|b Szeged
|c 1996
|
| 300 |
|
|
|a 138-141
|
| 490 |
0 |
|
|a Ünnepi könyv Mikola Tibor tiszteletére
|
| 650 |
|
4 |
|a Bölcsészettudományok
|
| 650 |
|
4 |
|a Nyelvek és irodalom
|
| 695 |
|
|
|a Erza-mordvin nyelv - fonetika
|
| 856 |
4 |
0 |
|u http://acta.bibl.u-szeged.hu/86319/1/1996_mikola_tibor_unnepi_konyv_138-141.pdf
|z Dokumentum-elérés
|